Statistics for Largest Cities In France

Click here to take the quiz!

General Stats

  • This quiz has been taken 303 times
    (254 since last reset)
  • The average score is 13 of 20

Answer Stats

PopulationCities% Correct
2,243,833Paris
100%
850,726Marseille
97%
484,342Lyon
96%
343,304Nice
91%
239,157Bordeaux
86%
441,806Toulouse
84%
284,970Nantes
81%
227,560Lille
76%
271,782Strasbourg
74%
257,351Montpellier
65%
207,178Rennes
64%
155,637Grenoble
57%
151,212Dijon
56%
179,992Reims
48%
175,497Le Havre
47%
164,532Toulon
45%
171,260Saint Etienne
35%
147,571Angers
28%
145,022Saint Denis
17%
145,050Villeurbanne
16%

Score Distribution

Percentile by Number Answered

Percent of People with Each Score

Your Score History

You have not taken this quiz since the last reset